| 000 | 00604nam a22001937a 4500 | ||
|---|---|---|---|
| 005 | 20251108172419.0 | ||
| 008 | 250721s2004 xx 000 0 ara d | ||
| 020 | _a9957320505 | ||
| 082 | 1 | 4 | _a956/خلي |
| 100 | 1 | _aخليل، عماد الدين | |
| 245 | 1 | 0 | _aالوسيط في الحضارة الإسلامية / |
| 264 | 1 |
_aعمان : _bدار الحامد للنشر و التوزيع، _c2004. |
|
| 300 | _a406 ص. | ||
| 650 | 1 | 7 | _aالتاريخ الإسلامي |
| 650 | 1 | 7 | _aالحضارة الإسلامية |
| 700 | 1 | _aالربيع، فايز | |
| 942 |
_2ddc _cBK |
||
| 999 |
_c78687 _d78687 |
||